Central Library OPAC University of Rajshahi

The Waqfs Ordinance (1 of 1962) : (Record no. 47189)

MARC details
000 -LEADER
fixed length control field 00877nam a2200265 a 4500
001 - CONTROL NUMBER
control field 47189
003 - CONTROL NUMBER IDENTIFIER
rucl marc code BD-RjUL
005 - DATE AND TIME OF LATEST TRANSACTION
control field 20211209054255.0
008 - FIXED-LENGTH DATA ELEMENTS--GENERAL INFORMATION
fixed length control field 160807s1988 bg k 001 0 eng
020 ## - INTERNATIONAL STANDARD BOOK NUMBER
Terms of availability : Tk. 315.00
035 ## - SYSTEM CONTROL NUMBER
System control number (BD-RjUL)47308
040 ## - CATALOGING SOURCE
Original cataloging agency DLC
Transcribing agency DLC
Modifying agency BD-RjUL
Language of cataloging eng
041 ## - LANGUAGE CODE
Language code of text/sound track or separate title eng
082 00 - DEWEY DECIMAL CLASSIFICATION NUMBER
Classification number 340.59
Edition number 23
Author mark and year CHW 1988
100 1# - MAIN ENTRY--PERSONAL NAME
Personal name Chowdhury, Purnendu Bikash.
9 (RLIN) 143691
245 14 - TITLE STATEMENT
Title The Waqfs Ordinance (1 of 1962) :
Remainder of title with rules and up-to-date decisions /
Statement of responsibility, etc. Purnendu Bikash Chowdhury
250 ## - EDITION STATEMENT
Edition statement 1st ed.
260 ## - PUBLICATION, DISTRIBUTION, ETC. (IMPRINT)
Place of publication, distribution, etc. Chittagong :
Name of publisher, distributor, etc. Anima Chowdhury ;
Place of publication, distribution, etc. Dhaka :
Name of publisher, distributor, etc. Sole distributor, Book Syndicate,
Date of publication, distribution, etc. 1988.
300 ## - PHYSICAL DESCRIPTION
Pagination xx, 202 p. :
Illustrations ill. ;
Size 24 cm.
500 ## - GENERAL NOTE
General note Includes index.
520 ## - SUMMARY, ETC.
Summary, etc. With reference to Bangladesh.
650 #0 - SUBJECT ADDED ENTRY--TOPICAL TERM
Topical term or geographic name as entry element Election law
Geographic subdivision Bangladesh.
9 (RLIN) 143692
Topical term or geographic name as entry element Contested elections
Geographic subdivision Bangladesh.
9 (RLIN) 143693
942 ## - ADDED ENTRY ELEMENTS (KOHA)
Source of classification or shelving scheme Dewey Decimal Classification
Koha item type Books
Holdings
Lost status Source of classification or shelving scheme Damaged status Not for loan Collection code Permanent Location Current Location Shelving location Date acquired Source of acquisition Cost, normal purchase price Total Checkouts Full call number Date last seen Copy number Koha item type
  Dewey Decimal Classification     Non-fiction Central Library, University of Rajshahi Central Library, University of Rajshahi   19/02/2000 Chittagong,syntex 150.00   340.59 CHW 1988 07/08/2016 C-2 Books
  Dewey Decimal Classification     Non-fiction Central Library, University of Rajshahi Central Library, University of Rajshahi   19/02/2000 Chittagong,syntex 150.00   340.59 CHW 1988 07/08/2016 C-3 Books
  Dewey Decimal Classification     Non-fiction Central Library, University of Rajshahi Central Library, University of Rajshahi   19/02/2000 Chittagong,syntex 150.00   340.59 CHW 1988 07/08/2016 C-4 Books